Catálogo
Digital

Catálogo
Digital

Atlas of Enslavement (Record no. 14360)

MARC details
000 -CABECERA
campo de control de longitud fija 00910nam a2200265 4500
003 - IDENTIFICADOR DEL NÚMERO DE CONTROL
campo de control EC-UNACH
006 - CÓDIGOS DE INFORMACIÓN DE LONGITUD FIJA--CARACTERÍSTICAS DEL MATERIAL ADICIONAL
campo de control de longitud fija s||||gr|||| 00| 00
008 - DATOS DE LONGITUD FIJA--INFORMACIÓN GENERAL
campo de control de longitud fija 150116t9999 mx r gr 000 0 spa d
020 ## - NÚMERO INTERNACIONAL ESTÁNDAR DEL LIBRO
Número Internacional Estándar del Libro 978-3-948250-41-6
040 ## - FUENTE DE LA CATALOGACIÓN
Centro catalogador/agencia de origen EC-UNACH
Centro/agencia transcriptor EC-UNACH
041 ## - CÓDIGO DE LENGUA
Código de lengua del texto/banda sonora o título independiente English
082 04 - NÚMERO DE LA CLASIFICACIÓN DECIMAL DEWEY
Número de edición 23
Número de clasificación 306.362
Número de documento/Ítem L018602
110 ## - ENTRADA PRINCIPAL--NOMBRE DE ENTIDAD CORPORATIVA
Nombre de entidad corporativa o nombre de jurisdicción como elemento de entrada Rosa Luxemburg Stiftung
245 ## - MENCIÓN DE TÍTULO
Título Atlas of Enslavement
Resto del título Facts and figures about Forced labour and exploitation
250 ## - MENCIÓN DE EDICIÓN
Mención de edición First English edition
264 ## - Producción, publicación, distribución, fabricación y copyright
Lugar de producción, publicación, distribución, fabricación Editorial responsibility
Nombre del de productor, editor, distribuidor, fabricante Alrun Kaune-Nublein
Fecha de de producción, publicación, distribución, fabricación o copyright 2021
300 ## - DESCRIPCIÓN FÍSICA
Extensión 58 páaginas
Otras características físicas Cuadros, figuras
501 ## - NOTA DE "CON"
Nota de “Con” Table of contents
505 ## - NOTA DE CONTENIDO CON FORMATO
Nota de contenido con formato Introduction -- 12 Short lessons -- Definitions -- Etymology -- Supply -- Trafficking -- Child soldiers
650 ## - PUNTO DE ACCESO ADICIONAL DE MATERIA--TÉRMINO DE MATERIA
Término de materia o nombre geográfico como elemento inicial Latin America
942 ## - ELEMENTOS DE PUNTO DE ACCESO ADICIONAL (KOHA)
Fuente del sistema de clasificación o colocación Clasificación Decimal Dewey
Tipo de ítem Koha Libros
999 ## - NÚMEROS DE CONTROL DE SISTEMA (KOHA)
Koha biblionumber 14360
Holdings
Estado de pérdida Fuente del sistema de clasificación o colocación Estado dañado No para préstamo Localización permanente Ubicación/localización actual Ubicación en estantería Fecha de adquisición Fuente de adquisición Número de inventario Total de préstamos Signatura topográfica completa Código de barras Fecha visto por última vez Número de copia Precio válido a partir de Tipo de ítem Koha Centro de costos
  Clasificación Decimal Dewey     Biblioteca Campus Sur Biblioteca Campus Sur Pedagogía de la Historia y las Ciencias Sociales 11/02/2026 Donación ITB-001-2026 40956803   306.362 ROS L018602 L018602 11/02/2026 Ejemplar: 01 11/02/2026 Libros  

Powered by Koha